[Event "TUR-chT Clubs"]
[Site "Konya"]
[Date "2019.07.19"]
[Round "6.3"]
[White "Celiker, Yakup"]
[Black "Cetinkaya, Vedat Ali"]
[Result "1/2-1/2"]
[WhiteElo "1930"]
[BlackElo "2074"]
[PlyCount "60"]
[EventDate "2019.07.16"]
[EventType "team-swiss"]
[EventRounds "9"]
[EventCountry "TUR"]
[SourceTitle "CBM 191 Extra"]
[Source "ChessBase"]
[SourceDate "2019.09.30"]
[SourceVersion "1"]
[SourceVersionDate "2019.09.30"]
[SourceQuality "1"]
[WhiteTeam "Goztepe Dernegi"]
[BlackTeam "Deniz Genclik"]
[WhiteTeamCountry "TUR"]
[BlackTeamCountry "TUR"]

1. f4 d5 2. b3 Nf6 3. Bb2 c5 4. Nf3 Nc6 5. e3 Bg4 6. Be2 e6 7. 0-0 Be7 8. Ne5 Bxe2 9. Qxe2 Qc7 10. a4 0-0 11. d3 Rad8 12. Nd2 d4 13. Nxc6 Qxc6 14. e4 Qc7 15. Nc4 Ne8 16. f5 exf5 17. Rxf5 Nd6 18. Nxd6 Rxd6 19. Raf1 Rh6 20. g3 Rg6 21. Bc1 Bd6 22. Bf4 Re6 23. Bxd6 Qxd6 24. Qf3 f6 25. Rd5 Qe7 26. Rf5 Re8 27. g4 Re5 28. Kg2 Qf7 29. h3 Qg6 30. Qg3 h6 1/2-1/2

[Event "TUR-chT Clubs"]
[Site "Konya"]
[Date "2019.07.18"]
[Round "4.5"]
[White "Celiker, Yakup"]
[Black "Sari, Serdar"]
[Result "0-1"]
[WhiteElo "1930"]
[BlackElo "2023"]
[PlyCount "104"]
[EventDate "2019.07.16"]
[EventType "team-swiss"]
[EventRounds "9"]
[EventCountry "TUR"]
[SourceTitle "CBM 191 Extra"]
[Source "ChessBase"]
[SourceDate "2019.09.30"]
[SourceVersion "1"]
[SourceVersionDate "2019.09.30"]
[SourceQuality "1"]
[WhiteTeam "Goztepe Dernegi"]
[BlackTeam "Engin Gulec Genclik"]
[WhiteTeamCountry "TUR"]
[BlackTeamCountry "TUR"]

1. f4 d5 2. b3 c5 3. Bb2 Nc6 4. Nf3 Nf6 5. e3 Bg4 6. Be2 e6 7. 0-0 Bxf3 8. Bxf3 Bd6 9. c4 dxc4 10. bxc4 Qb6 11. Bc3 0-0 12. Na3 a6 13. Rb1 Qc7 14. Qb3 Rab8 15. Qb2 Ne8 16. Be2 b6 17. Nc2 e5 18. g3 f5 19. Rf2 g6 20. Bf3 e4 21. Be2 Qe7 22. Kg2 Nc7 23. a4 a5 24. Rg1 Nb4 25. Ne1 Ne6 26. Kh1 Qd7 27. Qa1 Rf7 28. h3 Kf8 29. Kh2 Ke7 30. Qd1 Kd8 31. Qb3 Kc7 32. d3 exd3 33. Nxd3 Rd8 34. Rd1 Qe8 35. Bf3 Nf8 36. Ne5 Re7 37. Rfd2 Ne6 38. Bxb4 cxb4 39. Nc6 Nc5 40. Qb1 Rdd7 41. Nxe7 Qxe7 42. Re1 Nxa4 43. e4 Nc3 44. Qd3 Bc5 45. Qxd7+ Qxd7 46. Rxd7+ Kxd7 47. g4 fxe4 48. Bxe4 Nxe4 49. Rxe4 b3 50. f5 gxf5 51. gxf5 b2 52. Re1 a4 0-1

[Event "TUR-chT2"]
[Site "Konya"]
[Date "2018.07.15"]
[Round "9.3"]
[White "Kilic, Ihsan"]
[Black "Celiker, Yakup"]
[Result "1/2-1/2"]
[WhiteElo "1959"]
[BlackElo "1996"]
[PlyCount "63"]
[EventDate "2018.07.10"]
[EventType "team-swiss"]
[EventRounds "9"]
[EventCountry "TUR"]
[SourceTitle "EXT 2019"]
[Source "ChessBase"]
[SourceDate "2018.10.10"]
[SourceVersion "1"]
[SourceVersionDate "2018.10.10"]
[SourceQuality "1"]
[WhiteTeam "Ceylanpinar Belediyesi"]
[BlackTeam "Izmir Apaydin Dernegi"]
[WhiteTeamCountry "TUR"]
[BlackTeamCountry "TUR"]

1. d4 d5 2. Nf3 c6 3. e3 Bf5 4. Bd3 Bxd3 5. cxd3 e6 6. 0-0 Nf6 7. Nc3 Be7 8. a3 0-0 9. b4 Nbd7 10. Bb2 Ne8 11. Re1 f5 12. Rc1 g5 13. Ne5 Nxe5 14. dxe5 Rc8 15. Na4 b6 16. Bd4 Ng7 17. Re2 Qe8 18. f3 Qh5 19. Rec2 Qe8 20. Rf2 Qd7 21. Qb3 Rf7 22. Rfc2 f4 23. exf4 gxf4 24. Bf2 Nf5 25. d4 Rff8 26. Nb2 Bh4 27. Bxh4 Nxh4 28. Kh1 Kh8 29. Nd3 Qg7 30. Qb2 Qg6 31. Rd2 Qh5 32. Ne1 1/2-1/2

[Event "TUR-chT2"]
[Site "Konya"]
[Date "2018.07.14"]
[Round "8.3"]
[White "Celiker, Yakup"]
[Black "Yatkin, Osman"]
[Result "0-1"]
[WhiteElo "1996"]
[BlackElo "1689"]
[PlyCount "132"]
[EventDate "2018.07.10"]
[EventType "team-swiss"]
[EventRounds "9"]
[EventCountry "TUR"]
[SourceTitle "EXT 2019"]
[Source "ChessBase"]
[SourceDate "2018.10.10"]
[SourceVersion "1"]
[SourceVersionDate "2018.10.10"]
[SourceQuality "1"]
[WhiteTeam "Izmir Apaydin Dernegi"]
[BlackTeam "Mugla Dalaman"]
[WhiteTeamCountry "TUR"]
[BlackTeamCountry "TUR"]

1. d4 d5 2. c4 c6 3. Nc3 Nf6 4. Nf3 e6 5. Bg5 Be7 6. e3 Nbd7 7. Bd3 dxc4 8. Bxc4 b5 9. Bb3 a6 10. a4 b4 11. Ne2 a5 12. Rc1 Bb7 13. 0-0 0-0 14. Nf4 Rc8 15. Bxf6 Nxf6 16. Nd3 Ne4 17. Nfe5 Bd6 18. f3 Nf6 19. Nc5 Ba8 20. Nc4 Qc7 21. Nxd6 Qxd6 22. f4 Rfd8 23. Rf3 Nd7 24. Rg3 g6 25. h4 Nxc5 26. dxc5 Qxd1+ 27. Bxd1 Rd2 28. Bc2 Rcd8 29. b3 Bb7 30. Kh2 Kf8 31. e4 Ba6 32. e5 Bd3 33. Bxd3 R8xd3 34. Rb1 Rxg3 35. Kxg3 Rc2 36. Kg4 Rxg2+ 37. Kf3 Rc2 38. Ke4 Rxc5 39. Rd1 Rd5 40. Rc1 c5 41. h5 Kg7 42. hxg6 hxg6 43. Rc2 f6 44. exf6+ Kxf6 45. Rf2 Rd4+ 46. Ke3 Kf5 47. Rc2 Re4+ 48. Kd3 Kxf4 49. Rxc5 Re3+ 50. Kc2 Re5 51. Rc8 g5 52. Kd2 g4 53. Rf8+ Rf5 54. Rg8 Kf3 55. Ke1 e5 56. Kf1 e4 57. Rb8 g3 58. Rc8 e3 59. Rc2 Kg4+ 60. Kg1 Rd5 61. Rc8 e2 62. Re8 Rd1+ 63. Kg2 Rd2 64. Kg1 Kf3 65. Rf8+ Ke3 66. Re8+ Kd3 0-1

[Event "Izmir op 16th"]
[Site "Izmir"]
[Date "2017.09.10"]
[Round "9"]
[White "Oz, Ozan"]
[Black "Celiker, Yakup"]
[Result "1-0"]
[WhiteElo "1890"]
[BlackElo "2006"]
[PlyCount "109"]
[EventDate "2017.09.05"]
[EventType "swiss"]
[EventRounds "9"]
[EventCountry "TUR"]
[SourceTitle "CBM 180 Extra"]
[Source "ChessBase"]
[SourceDate "2017.10.06"]
[SourceVersion "1"]
[SourceVersionDate "2017.10.06"]
[SourceQuality "1"]

1. d4 Nf6 2. Bf4 d6 3. Nc3 g6 4. e4 Bg7 5. Qd2 c6 6. Bh6 Bxh6 7. Qxh6 Qa5 8. 0-0-0 b5 9. e5 dxe5 10. dxe5 Ng4 11. Qg7 Rf8 12. Nf3 h6 13. Bd3 Nxf2 14. Bxg6 Nxd1 15. Bxf7+ Rxf7 16. Qg8+ Rf8 17. Qg6+ Rf7 18. Qg8+ Rf8 19. Qg6+ Kd8 20. Rxd1+ Kc7 21. Qg7 Nd7 22. e6 Qb4 23. Rd4 Qc5 24. b4 Qxc3 25. Rxd7+ Bxd7 26. Qxc3 Bxe6 27. Nd4 Bc4 28. a4 e5 29. axb5 exd4 30. Qxc4 Rf6 31. Qxd4 Rd6 32. Qg7+ Kb6 33. c4 Rdd8 34. Qxh6 Rac8 35. Kc2 Kb7 36. Qg7+ Rc7 37. bxc6+ Kxc6 38. Qf6+ Kd7 39. c5 Kc8 40. Kc3 Re8 41. Qf5+ Kb8 42. g4 Rce7 43. h4 Kc7 44. Qf4+ Kc6 45. Qd6+ Kb5 46. Qd3+ Kc6 47. Qa6+ Kd5 48. Qd6+ Ke4 49. g5 Kf5 50. Qf6+ Kg4 51. g6 Re3+ 52. Kc4 R8e4+ 53. Kd5 Rxb4 54. Qg5+ Kf3 55. g7 1-0

[Event "TUR-chT2"]
[Site "Konya"]
[Date "2016.07.18"]
[Round "2.7"]
[White "Tatar, Ismail Anil"]
[Black "Celiker, Yakup"]
[Result "0-1"]
[WhiteElo "1650"]
[BlackElo "1999"]
[PlyCount "68"]
[EventDate "2016.07.17"]
[EventType "team-swiss"]
[EventRounds "9"]
[EventCountry "TUR"]
[SourceTitle "CBM 173 Extra"]
[Source "ChessBase"]
[SourceDate "2016.08.29"]
[SourceVersion "1"]
[SourceVersionDate "2016.08.29"]
[SourceQuality "1"]
[WhiteTeam "Ankara Orta Dogu"]
[BlackTeam "Izmir Rota Koleji"]
[WhiteTeamCountry "TUR"]
[BlackTeamCountry "TUR"]

1. e4 d6 2. d4 g6 3. Nf3 Bg7 4. Bc4 a6 5. 0-0 b5 6. Bb3 Nf6 7. Re1 0-0 8. c3 Bb7 9. Bc2 Nbd7 10. Bg5 e5 11. Nbd2 h6 12. Bh4 Re8 13. a4 g5 14. Bg3 Nh7 15. Nf1 Nhf8 16. d5 bxa4 17. Bxa4 Ng6 18. Ne3 Rf8 19. Nd2 Nb6 20. Bc2 Ne7 21. f3 f5 22. Ndc4 Nxc4 23. Nxc4 f4 24. Bf2 h5 25. Bd3 Ng6 26. Na5 Bc8 27. Nc6 Qf6 28. Be2 g4 29. fxg4 f3 30. gxf3 hxg4 31. Bf1 gxf3 32. Nb4 Bh6 33. Nd3 Bg4 34. Bg3 f2+ 0-1

[Event "Izmir op 5th"]
[Site "Izmir"]
[Date "2006.08.15"]
[Round "6"]
[White "Celiker, Yakup"]
[Black "Mihajlovskij, Sergei"]
[Result "0-1"]
[WhiteElo "2087"]
[BlackElo "2429"]
[PlyCount "72"]
[EventDate "2006.09.10"]
[EventType "swiss"]
[EventRounds "10"]
[EventCountry "TUR"]
[SourceTitle "EXT 2007"]
[Source "ChessBase"]
[SourceDate "2006.11.23"]
[SourceVersion "1"]
[SourceVersionDate "2006.11.23"]
[SourceQuality "1"]

1. d4 c5 2. dxc5 e6 3. g3 Bxc5 4. Bg2 Nf6 5. Nf3 Nc6 6. 0-0 0-0 7. c4 b6 8. Nc3 Bb7 9. a3 Rc8 10. b4 Be7 11. Bb2 Qc7 12. Nb5 Qb8 13. Rc1 d6 14. Re1 Rfd8 15. e4 a6 16. Nc3 Ne5 17. Nxe5 dxe5 18. Qe2 a5 19. b5 Nd7 20. Na4 Qc7 21. h4 Nc5 22. Nxc5 Bxc5 23. Rc2 Rd7 24. Qh5 Bd4 25. Bc1 Qd6 26. Kh2 Rdc7 27. Bf1 Qe7 28. f4 exf4 29. gxf4 Rc5 30. Qg4 h5 31. Qg3 Bf6 32. Kh3 e5 33. f5 Rxb5 34. a4 Rb4 35. Ba3 Bxh4 36. Qc3 Bxe1 0-1

[Event "Izmir GP op"]
[Site "Izmir"]
[Date "2002.08.31"]
[Round "4"]
[White "Celiker, Yakup"]
[Black "Atakisi, Umut"]
[Result "0-1"]
[WhiteElo "2135"]
[BlackElo "2361"]
[PlyCount "104"]
[EventDate "2002.08.28"]
[EventType "swiss"]
[EventRounds "9"]
[EventCountry "TUR"]
[SourceTitle "CBM 090 Extra"]
[Source "ChessBase"]
[SourceDate "2002.11.07"]
[SourceVersion "1"]
[SourceVersionDate "2002.11.07"]
[SourceQuality "1"]

1. e4 c5 2. Nf3 Nc6 3. d4 cxd4 4. Nxd4 Nf6 5. Nc3 d6 6. Be2 e5 7. Nf3 h6 8. h3 Be6 9. Be3 Be7 10. Qd2 d5 11. exd5 Nxd5 12. Nxd5 Qxd5 13. Qxd5 Bxd5 14. 0-0 0-0 15. c4 Be6 16. Rfd1 f5 17. a3 f4 18. Bd2 e4 19. Ne1 Nd4 20. Bf1 Nb3 21. Rab1 Nxd2 22. Rxd2 e3 23. fxe3 fxe3 24. Rc2 Rad8 25. Bd3 Rd4 26. Rbc1 Rfd8 27. Rc3 Bh4 28. Be2 Bf2+ 29. Kf1 Rd2 30. Nc2 Rf8 31. Ne1 Rxb2 32. Nf3 Rd8 33. R3c2 Rb3 34. Rc3 Rb2 35. R3c2 Rxc2 36. Rxc2 Bf5 37. Rc3 Be4 38. c5 g5 39. Bc4+ Kg7 40. Ke2 Kf6 41. g4 Rc8 42. Bb5 Rc7 43. Ba4 Rc8 44. Bc2 Bc6 45. Bd3 Re8 46. Rb3 Re7 47. Rc3 Bg3 48. Bf5 Bxf3+ 49. Kxf3 e2 50. Rc1 e1Q 51. Rxe1 Bxe1 52. Be4 Rc7 0-1

[Event "Izmir GP op"]
[Site "Izmir"]
[Date "2002.08.29"]
[Round "2"]
[White "Celiker, Yakup"]
[Black "Bagaturov, Giorgi"]
[Result "0-1"]
[WhiteElo "2135"]
[BlackElo "2437"]
[PlyCount "124"]
[EventDate "2002.08.28"]
[EventType "swiss"]
[EventRounds "9"]
[EventCountry "TUR"]
[SourceTitle "CBM 090 Extra"]
[Source "ChessBase"]
[SourceDate "2002.11.07"]
[SourceVersion "1"]
[SourceVersionDate "2002.11.07"]
[SourceQuality "1"]

1. e4 c5 2. Nf3 Nc6 3. d4 cxd4 4. Nxd4 Nf6 5. Nc3 d6 6. Be2 e5 7. Nf3 h6 8. h3 Be7 9. Be3 Be6 10. Qd2 0-0 11. 0-0 d5 12. exd5 Nxd5 13. Nxd5 Qxd5 14. Qxd5 Bxd5 15. Rfd1 Rfd8 16. c3 Be6 17. a3 Bb3 18. Rxd8+ Rxd8 19. Nd2 Be6 20. f3 Bc5 21. Bxc5 Rxd2 22. Bb5 Na5 23. Bxa7 Rxb2 24. a4 Bc4 25. Bb6 Bxb5 26. axb5 Nc4 27. Bc5 Rxb5 28. Bb4 Rd5 29. Ra8+ Kh7 30. Rc8 b5 31. Rc7 Kg6 32. Rb7 h5 33. Be7 Ne3 34. g4 hxg4 35. hxg4 f6 36. Kf2 Nd1+ 37. Kg3 Kg5 38. Ba3 f5 39. gxf5 Kxf5 40. Bb4 g5 41. Rf7+ Kg6 42. Rb7 Ne3 43. Rb6+ Kh5 44. Kf2 Nf5 45. Rf6 Nh4 46. Ke3 Rd1 47. Ke2 Rb1 48. Bd6 Rb2+ 49. Kd3 Ng6 50. Ke4 Re2+ 51. Kd5 Re3 52. Bb4 Nf4+ 53. Kc6 Rxf3 54. Kxb5 e4 55. c4 Nd3 56. Re6 g4 57. Bd2 Rf5+ 58. Kb6 g3 59. Rxe4 g2 60. Be3 Nf2 61. Bxf2 Rxf2 62. Re8 Rf6+ 0-1

[Event "Izmir-ch"]
[Site "Izmir"]
[Date "2002.03.06"]
[Round "1.2"]
[White "Kavakdere, Ali"]
[Black "Celiker, Yakup"]
[Result "1-0"]
[WhiteElo "1657"]
[BlackElo "2145"]
[PlyCount "129"]
[EventDate "2002.03.??"]
[EventType "swiss"]
[EventRounds "9"]
[EventCountry "TUR"]
[SourceTitle "EXT 2004"]
[Source "ChessBase"]
[SourceDate "2003.11.25"]
[SourceVersion "1"]
[SourceVersionDate "2003.11.25"]
[SourceQuality "1"]

1. e4 e5 2. Nf3 Nc6 3. Bc4 Bc5 4. c3 Bb6 5. d4 Qe7 6. 0-0 Nf6 7. Re1 d6 8. Qd3 a6 9. h3 Na5 10. Bd5 c6 11. Bb3 Nxb3 12. axb3 0-0 13. Nbd2 Kh8 14. Nc4 Bc7 15. Bg5 Re8 16. Nfd2 h6 17. Bxf6 Qxf6 18. d5 c5 19. Qg3 Bd7 20. Re3 Qg5 21. Qxg5 hxg5 22. Ree1 g6 23. g4 Kg7 24. Nf3 f6 25. Kg2 Rh8 26. Ne3 b5 27. Ra2 a5 28. Rea1 Rhb8 29. Nd2 Rb7 30. Nc2 f5 31. f3 f4 32. Kf2 Kf6 33. Kg2 Rab8 34. Rb1 Ke7 35. Kh2 Ra7 36. Rba1 Rba8 37. Kg2 Bb6 38. Kh2 a4 39. bxa4 Rxa4 40. Rxa4 bxa4 41. Nc4 Bc7 42. N2a3 Rb8 43. Kg2 Rb3 44. Kh2 Bc8 45. Kg2 Kd7 46. Kh2 Kd8 47. Kg2 Bd7 48. Kh2 Kc8 49. Kg2 Kb7 50. Kh2 Ka6 51. Kg2 Ba5 52. Ra2 Bc7 53. Kf2 Be8 54. Kg2 Bd7 55. Kf2 Bc8 56. Kg2 Ka7 57. Kf1 Ba6 58. Kg2 Rxa3 59. Nxa3 Bd3 60. c4 Kb6 61. Ra1 Ka5 62. Kf2 Kb4 63. Rc1 Bd8 64. Rc3 Bxc4 65. Nxc4 1-0